000
00342 a2200169 4500
001
185098
020
_a
85-08-03880-1
040
_c
Magnum
100
_a
Sabino, Fernando
240
1
0
_a
O bom ladrão
_l
por
245
1
0
_a
O bom ladrão
300
_a
88
362
0
_a
1991
440
1
_a
Ática
697
_a
LITERATURA GERAL
942
_c
BK
999
_c
185098
_d
185098